LEADER 00934cam2 22002771 450 001 SOBE00058135 005 20180403074036.0 100 $a20180130i1974 |||||ita|0103 ba 101 $aita 102 $aIT 200 0 $a3$fAbram Kardiner, Edward Preble 205 $a2. ed. 210 $aMilano$cBompiani$dstampa 1974 215 $a90 p.$d18 cm 461 1$1001E600200002036$12001 $a<>studio dell'uomo : i maestri dell'antropologia culturale / Abram Kardiner, Edward Preble 700 1$aKardiner$b, Abram$3A600200026041$4070$0123021 701 1$aPreble, Edward$3A600200026042$4070$0128345 801 0$aIT$bUNISOB$c20180403$gRICA 850 $aUNISOB 852 $aUNISOB$j850$m73946 912 $aSOBE00058135 940 $aM 102 Monografia moderna SBN 941 $aW 957 $a850$b002545$i-3$gSI$d73946$1rovito$2UNISOB$3UNISOB$420180130104009.0$520180403074036.0$6catenacci 996 $a3$91728917 997 $aUNISOB